000 00295nam a22001337a 4500
008 170526b xxu||||| |||| 00| 0 eng d
020 _a2901881018635
041 _aeng
080 _26TH
_a62
100 _a27
101 _aIM
245 _aENGINEERING YOUR FUTURE
_cOAKES,W.C
942 _2udc
_cBK
999 _c14507
_d14507